000 01120nam a2200313 i 4500
003 EG-GICUC
005 20260503164849.0
008 260430s1976 fre |||fr|||| 000 0 fre d
040 _aEG-GiCUC
_bfre
_cEG-GiCUC
_dEG-GiCUC
_eRda
041 _afre
_hfre
082 0 4 _221
_a342.51
_bBU . T
092 0 4 _221
099 _aLaw 08 342.51 BU . T 1976
100 1 _a Burdeau, Georges
_eAuteur
245 1 0 _aTraité De Science Politique :
_b Les Façades Institutionnelles De La Démocratie Gouvernante
_nTome IX /
_cPar Georges Burdeau.
250 _aDeuxiéme édition
_bRevue et Augmentée
264 _aParis:
_bLibrairie générale de droit et de jurisprudence,
_c1976.
300 _a601 page ;
_c24 cm.
_billustration ;
336 _2rda contenu
_a texte
337 _2rda medias
_aOrdinateur
338 _2 transporteur rda
_a Ressource en ligne
504 _aComprend des références bibliographiques.
546 _aTexte en français
650 1 _aDroit constitutionnel
_2qrmak
651 1 _2qrmak
856 4 0 _uhttps://fll.law.cu.edu.eg/fulltext/bks/B08-04474.pdf
905 _a64
942 _2ddc
_cBK
_e21
_n0
999 _c74424
_d74424